00282pab a2200121 454500008004000000100001800040245003800058260000900096300001200105362000800117650002400125773001100149180718b1996 xxu||||| |||| 00| 0 eng d aJaffarulla, A aNeed for counselling and guidance c1996 ap.29-30 aOct aVocational guidance aYojana